<?xml version="1.0" encoding="UTF-8"?>
<record
    xmlns:xsi="http://www.w3.org/2001/XMLSchema-instance"
    xsi:schemaLocation="http://www.loc.gov/MARC21/slim http://www.loc.gov/standards/marcxml/schema/MARC21slim.xsd"
    xmlns="http://www.loc.gov/MARC21/slim">

  <leader>01756nam a2200253 a 4500</leader>
  <controlfield tag="001">000000480</controlfield>
  <controlfield tag="005">20240307073941.0</controlfield>
  <controlfield tag="008">081117s1998    dr abc  r     001 0 spa d</controlfield>
  <datafield tag="040" ind1=" " ind2=" ">
    <subfield code="a">DO-SdBNP</subfield>
    <subfield code="b">spa</subfield>
    <subfield code="c">BNPHU</subfield>
  </datafield>
  <datafield tag="082" ind1=" " ind2=" ">
    <subfield code="a">501</subfield>
    <subfield code="b">Q3c, 1998</subfield>
  </datafield>
  <datafield tag="245" ind1="0" ind2="0">
    <subfield code="a">Quehacer cient&#xED;fico II :</subfield>
    <subfield code="b">selecci&#xF3;n de textos /</subfield>
    <subfield code="c">compiladores Edmundo Morel Pierret, Julio S&#xE1;nchez Mar&#xED;&#xF1;ez.</subfield>
  </datafield>
  <datafield tag="260" ind1=" " ind2=" ">
    <subfield code="a">Santo Domingo :</subfield>
    <subfield code="b">INTEC,</subfield>
    <subfield code="c">1998.</subfield>
  </datafield>
  <datafield tag="300" ind1=" " ind2=" ">
    <subfield code="a">310 p. :</subfield>
    <subfield code="b">il., graf., map., retrs. ;</subfield>
    <subfield code="c">23 cm.</subfield>
  </datafield>
  <datafield tag="500" ind1=" " ind2=" ">
    <subfield code="a">La biblioteca posee las reimpresiones de 1998</subfield>
  </datafield>
  <datafield tag="505" ind1="0" ind2=" ">
    <subfield code="a">Introducci&#xF3;n --</subfield>
    <subfield code="t">La ciencia de la industria /</subfield>
    <subfield code="r">Maurice Korach --</subfield>
    <subfield code="t">Planteamiento de la investigaci&#xF3;n /</subfield>
    <subfield code="r">Carlos Sabino --</subfield>
    <subfield code="t">El marco te&#xF3;rico /</subfield>
    <subfield code="r">Carlos Sabino --</subfield>
    <subfield code="t">Formulaci&#xF3;n de hip&#xF3;tesis /</subfield>
    <subfield code="r">Restituto Sierra Bravo --</subfield>
    <subfield code="t">Variables y su operacionalizaci&#xF3;n /</subfield>
    <subfield code="r">Restituto Sierrra Bravo --</subfield>
    <subfield code="t">&#xBF;C&#xF3;mo hacer la revisi&#xF3;n de la literatura? /</subfield>
    <subfield code="r">Oscar Soria --</subfield>
    <subfield code="t">El plan experimental /</subfield>
    <subfield code="r">Frank J. Mc Guigan --</subfield>
    <subfield code="t">Control experimental --</subfield>
    <subfield code="r">Frank J. McGuigan --</subfield>
    <subfield code="t">Relaciones "causales" entre variables /</subfield>
    <subfield code="r">Claire Selltiz --</subfield>
    <subfield code="t">La organizaci&#xF3;n de un "survey" /</subfield>
    <subfield code="r">Jorge Padua - Iv&#xE1;n Ahman --</subfield>
    <subfield code="t">Planificaci&#xF3;n de las operaciones de campo /</subfield>
    <subfield code="r">Judith Fiedler --</subfield>
    <subfield code="t">Pauta para el dise&#xF1;o de un proyecto de investigaci&#xF3;n /</subfield>
    <subfield code="r">Roberto Cass&#xE1; --</subfield>
    <subfield code="t">El informe de la investigaci&#xF3;n /</subfield>
    <subfield code="r">John W. Best.</subfield>
  </datafield>
  <datafield tag="590" ind1=" " ind2=" ">
    <subfield code="a">Inventariado, 2018/BT</subfield>
  </datafield>
  <datafield tag="650" ind1=" " ind2="4">
    <subfield code="a">Filosof&#xED;a de la ciencia</subfield>
    <subfield code="v">ENSAYOS, CONFERENCIAS , ETC.</subfield>
    <subfield code="9">1587</subfield>
  </datafield>
  <datafield tag="650" ind1=" " ind2="4">
    <subfield code="a">Ciencia</subfield>
    <subfield code="v">ENSAYOS, CONFERENCIAS, ETC.</subfield>
    <subfield code="9">1588</subfield>
  </datafield>
  <datafield tag="650" ind1=" " ind2="4">
    <subfield code="a">Tecnolog&#xED;a</subfield>
    <subfield code="v">ENSAYOS , CONFERENCIAS, ETC.</subfield>
    <subfield code="9">1589</subfield>
  </datafield>
  <datafield tag="700" ind1="1" ind2="2">
    <subfield code="a">Morel Pierret, Edmundo,</subfield>
    <subfield code="e">comp.</subfield>
    <subfield code="9">1590</subfield>
  </datafield>
  <datafield tag="700" ind1="1" ind2="2">
    <subfield code="a">S&#xE1;nchez Mar&#xED;&#xF1;ez, Julio</subfield>
    <subfield code="e">comp.</subfield>
    <subfield code="9">1591</subfield>
  </datafield>
  <datafield tag="710" ind1="2" ind2=" ">
    <subfield code="a">Instituto Tecnol&#xF3;gico de Santo Domingo</subfield>
    <subfield code="9">78911</subfield>
  </datafield>
  <datafield tag="910" ind1=" " ind2=" ">
    <subfield code="a">Validado. Control de calidad. MFF</subfield>
  </datafield>
  <datafield tag="952" ind1=" " ind2=" ">
    <subfield code="0">0</subfield>
    <subfield code="1">0</subfield>
    <subfield code="5">4</subfield>
    <subfield code="7">5</subfield>
    <subfield code="8">DS</subfield>
    <subfield code="a">BNPHU</subfield>
    <subfield code="b">BNPHU</subfield>
    <subfield code="c">HD</subfield>
    <subfield code="d">2009-07-27</subfield>
    <subfield code="i">LF1</subfield>
    <subfield code="l">0</subfield>
    <subfield code="o">501 Q3c, 1998</subfield>
    <subfield code="p">480-30</subfield>
    <subfield code="r">2020-06-25</subfield>
    <subfield code="t">e. 3</subfield>
    <subfield code="w">2020-06-25</subfield>
    <subfield code="y">LF1</subfield>
    <subfield code="Z">Pr&#xE9;stamo en sala</subfield>
  </datafield>
  <datafield tag="952" ind1=" " ind2=" ">
    <subfield code="0">0</subfield>
    <subfield code="1">0</subfield>
    <subfield code="5">4</subfield>
    <subfield code="7">5</subfield>
    <subfield code="8">DS</subfield>
    <subfield code="a">BNPHU</subfield>
    <subfield code="b">BNPHU</subfield>
    <subfield code="c">HD</subfield>
    <subfield code="d">2013-07-15</subfield>
    <subfield code="i">LF1</subfield>
    <subfield code="l">0</subfield>
    <subfield code="o">501 Q3c, 1998</subfield>
    <subfield code="p">480-40</subfield>
    <subfield code="r">2020-06-25</subfield>
    <subfield code="t">e. 4</subfield>
    <subfield code="w">2020-06-25</subfield>
    <subfield code="y">LF1</subfield>
    <subfield code="Z">Pr&#xE9;stamo en sala</subfield>
  </datafield>
  <datafield tag="952" ind1=" " ind2=" ">
    <subfield code="0">0</subfield>
    <subfield code="1">0</subfield>
    <subfield code="5">4</subfield>
    <subfield code="7">5</subfield>
    <subfield code="8">DS</subfield>
    <subfield code="a">BNPHU</subfield>
    <subfield code="b">BNPHU</subfield>
    <subfield code="c">HD</subfield>
    <subfield code="d">2013-07-15</subfield>
    <subfield code="i">LF1</subfield>
    <subfield code="l">0</subfield>
    <subfield code="o">501 Q3c, 1998</subfield>
    <subfield code="p">480-50</subfield>
    <subfield code="r">2020-06-25</subfield>
    <subfield code="t">e. 5</subfield>
    <subfield code="w">2020-06-25</subfield>
    <subfield code="y">LF1</subfield>
    <subfield code="Z">Pr&#xE9;stamo en sala</subfield>
  </datafield>
  <datafield tag="952" ind1=" " ind2=" ">
    <subfield code="0">0</subfield>
    <subfield code="1">0</subfield>
    <subfield code="5">3</subfield>
    <subfield code="7">1</subfield>
    <subfield code="8">PD</subfield>
    <subfield code="a">BNPHU</subfield>
    <subfield code="b">BNPHU</subfield>
    <subfield code="c">HD</subfield>
    <subfield code="d">2009-07-27</subfield>
    <subfield code="i">LF1</subfield>
    <subfield code="l">0</subfield>
    <subfield code="o">501 Q3c, 1998</subfield>
    <subfield code="p">480-10</subfield>
    <subfield code="r">2020-06-25</subfield>
    <subfield code="w">2020-06-25</subfield>
    <subfield code="y">LF1</subfield>
    <subfield code="Z">No se presta</subfield>
  </datafield>
  <datafield tag="952" ind1=" " ind2=" ">
    <subfield code="0">0</subfield>
    <subfield code="1">0</subfield>
    <subfield code="5">3</subfield>
    <subfield code="7">1</subfield>
    <subfield code="8">PD</subfield>
    <subfield code="a">BNPHU</subfield>
    <subfield code="b">BNPHU</subfield>
    <subfield code="c">HD</subfield>
    <subfield code="d">2009-07-27</subfield>
    <subfield code="i">LF1</subfield>
    <subfield code="l">0</subfield>
    <subfield code="o">501 Q3c, 1998</subfield>
    <subfield code="p">480-20</subfield>
    <subfield code="r">2020-06-25</subfield>
    <subfield code="t">e. 2</subfield>
    <subfield code="w">2020-06-25</subfield>
    <subfield code="y">LF1</subfield>
    <subfield code="Z">No se presta</subfield>
  </datafield>
  <datafield tag="999" ind1=" " ind2=" ">
    <subfield code="c">478</subfield>
    <subfield code="d">478</subfield>
  </datafield>
</record>
